000 00330nam a2200133Ia 4500
005 20251222144845.0
008 251222s9999||||xx |||||||||||||| ||spa||
020 _a84-87699-03-0
082 _a306.46/D92
100 _aDormido Bencomo, Sebastián
245 0 _aSociedad y Nuevas Tecnologías:
264 _bTrotta
942 _cLIB
999 _c21382
_d21382